India social development report 2010 (Record no. 773179)

MARC details
000 -LEADER
fixed length control field 00903nam a2200265Ia 4500
003 - CONTROL NUMBER IDENTIFIER
control field OSt
005 - DATE AND TIME OF LATEST TRANSACTION
control field 20220928123021.0
008 - FIXED-LENGTH DATA ELEMENTS--GENERAL INFORMATION
fixed length control field 220927b |||||||| |||| 00| 0 eng d
037 ## - SOURCE OF ACQUISITION
Terms of availability Textual
040 ## - CATALOGING SOURCE
Original cataloging agency SDCL
Transcribing agency SDCL
Language of cataloging eng
041 ## - LANGUAGE CODE
Source of code eng
Language code of text/sound track or separate title eng
100 ## - MAIN ENTRY--PERSONAL NAME
Personal name Council for Social Development
9 (RLIN) 459916
245 #0 - TITLE STATEMENT
Title India social development report 2010
Remainder of title The land question and the marginalized.
260 ## - PUBLICATION, DISTRIBUTION, ETC.
Place of publication, distribution, etc. New Delhi
Name of publisher, distributor, etc. Oxford University Press
Date of publication, distribution, etc. 2011
300 ## - PHYSICAL DESCRIPTION
Extent xix,300p.
Dimensions cm.
650 ## - SUBJECT ADDED ENTRY--TOPICAL TERM
Topical term or geographic name entry element Reference
700 ## - ADDED ENTRY--PERSONAL NAME
Personal name Mohanty Manoranjan Ed.
9 (RLIN) 418362
942 ## - ADDED ENTRY ELEMENTS (KOHA)
Classification part Y:677n2P10, Q1
Koha item type Textual
Source of classification or shelving scheme Colon Classification (CC)
Holdings
Withdrawn status Lost status Damaged status Not for loan Home library Current library Date acquired Source of acquisition Cost, normal purchase price Total Checkouts Full call number Barcode Date last seen Cost, replacement price Price effective from Koha item type
        South Campus Library South Campus Library 2022-09-28 5735, 07/01/2011, Bookwell Publications 475.00   Y:677n2P10 Q1 SC1471150 2022-09-28 475.00 2022-09-28 Textual
Copyright @ Delhi University Library System